00579nam a2200169Ia 4500003000900000008004100009040001600050080001200066100002600078245016300104260003400267300001900301650001700320650002200337700002500359700002500384IN-BaIIA211028s9999 xx 000 0 eng d cIIA Library a52bRUS aRussell, Henry Norris 0aAstronomyba revision of Young's manual of astronomy II, astrophysics and stellar astronomycHenry Norris Russell, Raymond Smith Dugan and John Quincy Stewart aBostonbGinn Publishersc1927 axii, 471-932p. aAstrophysics aStellar Astronomy aDugan, Raymond Smith aStewart, John Quincy